[Event "2. Bundesliga Ost 2010/2011"]
[Site "2+3.10.Zwettl,30.10-1.11.Wien,27+28.11.Wien,29+30.
[Date "2010.10.30"]
[Round "3"]
[Board "3"]
[White "Steiner, Adam"]
[Black "Schreiner, Peter"]
[Result "1/2-1/2"]
[WhiteElo "2232"]
[BlackElo "2257"]
[PlyCount "96"]
[EventDate "2010.10.02"]
[EventType "team"]
[EventRounds "11"]
[EventCountry "AUT"]
[WhiteTeam "1. Wr. Neustaedter SV"]
[BlackTeam "Niederabsdorf"]

1.e4 e5 2.Nc3 Nf6 3.f4 d5 4.fxe5 Nxe4 5.Nf3 Bg4 6.Qe2 Nxc3 7.dxc3 c6 8.Bf4 Nd7
9.O-O-O Nc5 10.c4 Qa5 11.cxd5 Qxa2 12.Qc4 Qa1+ 13.Kd2 Qxb2 14.d6 Ne6 15.Bd3 Bxf3
16.gxf3 Qd4 17.Qxd4 Nxd4 18.Bc4 Ne6 19.Be3 Kd7 20.f4 b5 21.Ba2 g6 22.f5 gxf5
23.Rhf1 f4 24.Rxf4 Nxf4 25.Bxf4 h5 26.Bxf7 Bxd6 27.Ke3 Ke7 28.Bg6 Bc7 29.Ke4
Raf8 30.Bf5 Rxf5 31.Kxf5 Rf8+ 32.Ke4 Ke6 33.Rg1 Rxf4+ 34.Kxf4 Bxe5+ 35.Ke4 Bxh2
36.Rg6+ Kd7 37.Rg7+ Kd6 38.Rxa7 h4 39.Rh7 Bg3 40.Rh5 Kc7 41.Kf5 Kb6 42.Rh6 b4
43.Ke4 Kb5 44.Kd3 c5 45.Rh5 Bf2 46.Rf5 Be1 47.Re5 Bg3 48.Rg5 Be1 1/2-1/2

[Event "2. Bundesliga Ost 2010/2011"]
[Site "2+3.10.Zwettl,30.10-1.11.Wien,27+28.11.Wien,29+30.
[Date "2010.10.30"]
[Round "3"]
[Board "4"]
[White "Wolfram, Bernd"]
[Black "Todor, Razvan"]
[Result "1/2-1/2"]
[WhiteElo "2186"]
[BlackElo "2221"]
[PlyCount "60"]
[EventDate "2010.10.02"]
[EventType "team"]
[EventRounds "11"]
[EventCountry "AUT"]
[WhiteTeam "Niederabsdorf"]
[BlackTeam "1. Wr. Neustaedter SV"]

1.e4 c5 2.Nf3 a6 3.c4 Nc6 4.d4 cxd4 5.Nxd4 Nf6 6.Nc3 g6 7.Nxc6 dxc6 8.Qxd8+ Kxd8
9.e5 Nd7 10.f4 f6 11.exf6 exf6 12.Be3 Bc5 13.Bxc5 Re8+ 14.Be3 Rxe3+ 15.Kf2 Re7
16.Rd1 Kc7 17.Bd3 Nc5 18.b4 Nxd3+ 19.Rxd3 Bf5 20.Rd4 Rae8 21.c5 Re3 22.Rc1 Rd3
23.Rxd3 Bxd3 24.Rd1 Bc4 25.Rd4 Bg8 26.Ne4 Bxa2 27.Nxf6 Re7 28.Ne4 Bd5 29.Nd6 b6
30.g4 a5 1/2-1/2

[Event "2. Bundesliga Ost 2010/2011"]
[Site "2+3.10.Zwettl,30.10-1.11.Wien,27+28.11.Wien,29+30.
[Date "2010.10.30"]
[Round "3"]
[Board "5"]
[White "Wiedner, Robert"]
[Black "Hansen, Kay"]
[Result "1/2-1/2"]
[WhiteElo "2189"]
[BlackElo "2247"]
[PlyCount "175"]
[EventDate "2010.10.02"]
[EventType "team"]
[EventRounds "11"]
[EventCountry "AUT"]
[WhiteTeam "1. Wr. Neustaedter SV"]
[BlackTeam "Niederabsdorf"]

1.Nf3 d5 2.g3 c6 3.Bg2 Nf6 4.O-O Bf5 5.d3 h6 6.Re1 e6 7.Nbd2 Be7 8.Ne5 O-O 9.e4
Bh7 10.h3 Qc7 11.Ng4 Nbd7 12.f4 Nxg4 13.hxg4 dxe4 14.Nxe4 Nf6 15.Be3 Nd5 16.Bf2
Rad8 17.Qe2 Rfe8 18.Bf3 f6 19.Kg2 c5 20.Rh1 f5 21.Nd2 Bf6 22.Nc4 b5 23.Ne5 Bxe5
24.fxe5 Rf8 25.Rae1 f4 26.Qd2 c4 27.d4 c3 28.bxc3 fxg3 29.Kxg3 Qxc3 30.Qxc3 Nxc3
31.Re3 b4 32.a3 a5 33.axb4 axb4 34.Rc1 Rf7 35.Be1 Nb5 36.d5 Nd4 37.dxe6 Rxf3+
38.Rxf3 Ne2+ 39.Kf2 Nxc1 40.e7 Re8 41.Bxb4 Bg6 42.Rf8+ Kh7 43.Bd6 Na2 44.c4 Nc1
45.Ke3 Nb3 46.c5 Na5 47.Kf4 Nc6 48.Kg3 h5 49.g5 Nd4 50.Kf4 Ne6+ 51.Ke3 h4 52.c6
h3 53.Kf2 h2 54.Kg2 Be4+ 55.Kxh2 Bxc6 56.Kg3 Nxg5 57.Kg4 Kg6 58.Kg3 Ne6 59.Kg4
Ng5 60.Ba3 Ne4 61.Bb4 Bb5 62.Kf4 Ng5 63.Kg4 Nf7 64.Kf4 Bc6 65.e6 Nh6 66.Ke5 Ng4+
67.Kd6 Ba4 68.Rf4 Nf6 69.Bc3 Ra8 70.Bxf6 Ra6+ 71.Kc7 Be8 72.Bd4 Rxe6 73.Kd8 Bb5
74.Bb2 Rd6+ 75.Kc8 Rc6+ 76.Kb7 Re6 77.Rg4+ Kf7 78.Rxg7+ Ke8 79.Ba3 Ba4 80.Rg4
Bd7 81.Rg8+ Kf7 82.Rf8+ Kg7 83.Kc7 Bb5 84.Rb8 Ba4 85.Ra8 Bb5 86.Ra5 Be8 87.Kd8
Bg6 88.Bb2+ 1/2-1/2

[Event "2. Bundesliga Ost 2010/2011"]
[Site "2+3.10.Zwettl,30.10-1.11.Wien,27+28.11.Wien,29+30.
[Date "2010.10.30"]
[Round "3"]
[Board "6"]
[White "Teuber, Andreas"]
[Black "Ganauser, Eduard"]
[Result "1-0"]
[WhiteElo "2167"]
[BlackElo "2096"]
[PlyCount "77"]
[EventDate "2010.10.02"]
[EventType "team"]
[EventRounds "11"]
[EventCountry "AUT"]
[WhiteTeam "Niederabsdorf"]
[BlackTeam "1. Wr. Neustaedter SV"]

1.d4 d5 2.Nf3 e6 3.g3 Nf6 4.Bg2 b5 5.c3 Bb7 6.Qb3 c6 7.Nbd2 Qb6 8.O-O Nbd7 9.Re1
Be7 10.e4 dxe4 11.Ng5 c5 12.Ndxe4 Nxe4 13.Nxe4 Bd5 14.dxc5 Nxc5 15.Qc2 Nxe4
16.Bxe4 Bxe4 17.Qxe4 O-O 18.Be3 Bc5 19.Bxc5 Qxc5 20.Qe5 Qc6 21.Re4 Rad8 22.Rd4
Rxd4 23.Qxd4 a6 24.Rd1 g6 25.h4 h5 26.Qe3 Kh7 27.Rd4 Qc8 28.Qd3 Qc5 29.b3 Rc8
30.Rf4 Qe7 31.a4 Rd8 32.Qf3 Kg8 33.axb5 axb5 34.Qc6 Rd5 35.Rb4 Qa7 36.Rxb5 Rd1+
37.Kg2 Qa1 38.Rb7 Kg7 39.Qf3 1-0

[Event "2. Bundesliga Ost 2010/2011"]
[Site "2+3.10.Zwettl,30.10-1.11.Wien,27+28.11.Wien,29+30.
[Date "2010.10.30"]
[Round "3"]
[Board "1"]
[White "Schweda, Roland"]
[Black "Videki, Sandor"]
[Result "1/2-1/2"]
[WhiteElo "2457"]
[BlackElo "2441"]
[PlyCount "103"]
[EventDate "2010.10.02"]
[EventType "team"]
[EventRounds "11"]
[EventCountry "AUT"]
[WhiteTeam "ASVOE Wulkaprodersdorf"]
[BlackTeam "Spg Data Technology Eichgraben/P."]

1.d4 d5 2.c4 c6 3.Nf3 Nf6 4.Qc2 g6 5.Bf4 dxc4 6.Qxc4 Bg7 7.Nc3 Qb6 8.b3 O-O 9.e3
Na6 10.Rc1 Be6 11.Qd3 Nb4 12.Qd2 Nbd5 13.Nxd5 Bxd5 14.Bc4 Ne4 15.Qb2 Qb4+ 16.Ke2
a5 17.Rc2 a4 18.Bxd5 cxd5 19.bxa4 Qxa4 20.Rhc1 b5 21.Ne1 b4 22.Nd3 Nc3+ 23.Ke1
Nxa2 24.Rb1 Rfc8 25.Rxc8+ Rxc8 26.Qb3 Qxb3 27.Rxb3 Nc1 28.Nxc1 Rxc1+ 29.Kd2 Rc4
30.Rb2 f6 31.Bb8 Bf8 32.Rc2 e6 33.Kd3 b3 34.Rb2 Rb4 35.Bg3 Rb6 36.Kc3 Bb4+
37.Kxb3 Bd6+ 38.Kc2 Rxb2+ 39.Kxb2 Bxg3 40.hxg3 Kf7 41.Kc3 h5 42.Kb4 g5 43.Kc5 f5
44.Kd6 h4 45.gxh4 gxh4 46.f3 f4 47.exf4 Kf6 48.Kd7 Kf5 49.Ke7 Kxf4 50.Kxe6 Kg3
51.f4 Kxf4 52.Kxd5 1/2-1/2

[Event "2. Bundesliga Ost 2010/2011"]
[Site "2+3.10.Zwettl,30.10-1.11.Wien,27+28.11.Wien,29+30.
[Date "2010.10.30"]
[Round "3"]
[Board "2"]
[White "Ganaus, Hannes"]
[Black "Volkmann, Friedrich Karl"]
[Result "1-0"]
[WhiteElo "2310"]
[BlackElo "2409"]
[PlyCount "93"]
[EventDate "2010.10.02"]
[EventType "team"]
[EventRounds "11"]
[EventCountry "AUT"]
[WhiteTeam "Spg Data Technology Eichgraben/P."]
[BlackTeam "ASVOE Wulkaprodersdorf"]

1.d4 d5 2.c4 c6 3.Nf3 Nf6 4.Nc3 e6 5.g3 dxc4 6.Ne5 b5 7.Bg2 Nd5 8.O-O f6 9.Nxd5
fxe5 10.Nc3 b4 11.Ne4 exd4 12.e3 d3 13.Qh5+ Kd7 14.Bd2 Ba6 15.Bh3 Qe7 16.a3 bxa3
17.bxa3 c5 18.Ng5 g6 19.Qh4 Nc6 20.Bc3 h6 21.Nxe6 Qxh4 22.gxh4 Rg8 23.Nxf8+ Ke7
24.Nh7 Rad8 25.Nf6 Rgf8 26.Ne4 Rd5 27.Bg2 Ne5 28.Nd2 Ke6 29.Bxd5+ Kxd5 30.f4 Nc6
31.Kf2 Nd4 32.Rg1 g5 33.hxg5 Ne2 34.Rac1 Nxc1 35.Rxc1 hxg5 36.e4+ Kc6 37.f5 Kb5
38.Kg3 Rf7 39.Kg4 Rh7 40.Rh1 Bc8 41.e5 Bb7 42.Rb1+ Ka6 43.e6 Bc6 44.f6 Rxh2
45.f7 Rg2+ 46.Kh5 Rf2 47.Rf1 1-0

[Event "2. Bundesliga Ost 2010/2011"]
[Site "2+3.10.Zwettl,30.10-1.11.Wien,27+28.11.Wien,29+30.
[Date "2010.10.30"]
[Round "3"]
[Board "3"]
[White "Sandhu, Mario"]
[Black "Neumeier, Klaus"]
[Result "1-0"]
[WhiteElo "2330"]
[BlackElo "2374"]
[PlyCount "93"]
[EventDate "2010.10.02"]
[EventType "team"]
[EventRounds "11"]
[EventCountry "AUT"]
[WhiteTeam "ASVOE Wulkaprodersdorf"]
[BlackTeam "Spg Data Technology Eichgraben/P."]

1.e4 c5 2.Nf3 d6 3.Bb5+ Bd7 4.Bxd7+ Qxd7 5.O-O Nc6 6.d4 cxd4 7.Nxd4 Nf6 8.Re1 g6
9.Nc3 Bg7 10.h3 O-O 11.Be3 Ne5 12.Qe2 Rfc8 13.Rad1 Rxc3 14.bxc3 Nxe4 15.Bd2 Nxd2
16.Rxd2 Rc8 17.f4 Nc4 18.Rdd1 e6 19.Rb1 Na3 20.Rb3 Rxc3 21.Nf3 Qc6 22.Rxc3 Bxc3
23.Rd1 Nc4 24.Qf2 b6 25.Qh4 Kg7 26.Ng5 h5 27.Nxe6+ fxe6 28.Qe7+ Kg8 29.Qxe6+ Kh7
30.Rd3 Qc5+ 31.Kh1 Ne5 32.Qe7+ Kh6 33.Qf8+ Kh7 34.fxe5 Bxe5 35.Rf3 Bg7 36.Rf7
Qd4 37.Rxa7 Qe5 38.Kg1 Kh6 39.Qf2 Qa1+ 40.Kh2 Be5+ 41.g3 h4 42.Qe3+ g5 43.Qd3
Bxg3+ 44.Kg2 Qh8 45.Re7 Qg8 46.Qf5 Qa8+ 47.Kg1 1-0

[Event "2. Bundesliga Ost 2010/2011"]
[Site "2+3.10.Zwettl,30.10-1.11.Wien,27+28.11.Wien,29+30.
[Date "2010.10.30"]
[Round "3"]
[Board "4"]
[White "Weissenbeck, Manuel"]
[Black "Kopinits, Anna-Christina"]
[Result "1/2-1/2"]
[WhiteElo "2316"]
[BlackElo "2210"]
[PlyCount "112"]
[EventDate "2010.10.02"]
[EventType "team"]
[EventRounds "11"]
[EventCountry "AUT"]
[WhiteTeam "Spg Data Technology Eichgraben/P."]
[BlackTeam "ASVOE Wulkaprodersdorf"]

1.d4 Nf6 2.Nf3 e6 3.c4 b6 4.g3 Ba6 5.Qc2 Bb4+ 6.Nbd2 O-O 7.Bg2 c6 8.O-O d5 9.b3
Nbd7 10.Bb2 b5 11.a3 Bxd2 12.Nxd2 bxc4 13.bxc4 Nb6 14.c5 Nc4 15.Nxc4 Bxc4 16.Bc1
Nd7 17.Bf4 e5 18.dxe5 Nxc5 19.Rfd1 Qe7 20.Rab1 Bb5 21.Rdc1 Ne6 22.Be3 Qxa3
23.Bxd5 cxd5 24.Rxb5 d4 25.Bd2 d3 26.Qxd3 Qxd3 27.exd3 Nd4 28.Rb2 Ne2+ 29.Kg2
Nxc1 30.Bxc1 Rfd8 31.Rd2 Rd5 32.d4 Kf8 33.Ba3+ Ke8 34.Kf3 Rad8 35.Bd6 Rb5 36.Ke4
f6 37.f4 f5+ 38.Kd3 Kd7 39.Ra2 Rb3+ 40.Kc4 Rb7 41.Bc5 Rc8 42.d5 Ke8 43.e6 Rb1
44.d6 Rc1+ 45.Kd4 Rd1+ 46.Kc4 Rxd6 47.Rxa7 Rxe6 48.Rxg7 Rec6 49.Re7+ Kd8 50.Re5
Rf6 51.Kd5 Rc7 52.Re2 Rd7+ 53.Ke5 Rc6 54.Bb4 Rb7 55.Rd2+ Ke8 56.Bd6 Rb5+ 1/2-1/2

[Event "2. Bundesliga Ost 2010/2011"]
[Site "2+3.10.Zwettl,30.10-1.11.Wien,27+28.11.Wien,29+30.
[Date "2010.10.30"]
[Round "3"]
[Board "5"]
[White "Wanderer, Thomas"]
[Black "Pichler, Michael"]
[Result "1/2-1/2"]
[WhiteElo "2220"]
[BlackElo "2253"]
[PlyCount "23"]
[EventDate "2010.10.02"]
[EventType "team"]
[EventRounds "11"]
[EventCountry "AUT"]
[WhiteTeam "ASVOE Wulkaprodersdorf"]
[BlackTeam "Spg Data Technology Eichgraben/P."]

1.e4 Nf6 2.e5 Nd5 3.d4 d6 4.Nf3 dxe5 5.Nxe5 Nd7 6.Nxf7 Kxf7 7.Qh5+ Ke6 8.Qg4+
Kf7 9.Qh5+ Ke6 10.Qg4+ Kf7 11.Qh5+ Ke6 12.Qg4+ 1/2-1/2

[Event "2. Bundesliga Ost 2010/2011"]
[Site "2+3.10.Zwettl,30.10-1.11.Wien,27+28.11.Wien,29+30.
[Date "2010.10.30"]
[Round "3"]
[Board "6"]
[White "Hechl, Gerald"]
[Black "Rudolf, Herbert"]
[Result "1/2-1/2"]
[WhiteElo "2261"]
[BlackElo "2109"]
[PlyCount "51"]
[EventDate "2010.10.02"]
[EventType "team"]
[EventRounds "11"]
[EventCountry "AUT"]
[WhiteTeam "Spg Data Technology Eichgraben/P."]
[BlackTeam "ASVOE Wulkaprodersdorf"]

1.d4 Nf6 2.Bg5 c5 3.Bxf6 gxf6 4.d5 Qb6 5.Qc1 f5 6.c4 Bg7 7.Nc3 d6 8.e3 Nd7
9.Nge2 Nf6 10.Qc2 O-O 11.Ng3 Ne4 12.Bd3 Nxc3 13.bxc3 Qa5 14.Ne2 e6 15.O-O Bd7
16.a4 Rab8 17.Rfb1 Qc7 18.a5 b6 19.axb6 Rxb6 20.Qa2 Rfb8 21.Rxb6 axb6 22.Qa7 Rb7
23.Qa8+ Rb8 24.Qa7 Rb7 25.Qa8+ Rb8 26.Qa7 1/2-1/2

[Event "2. Bundesliga Ost 2010/2011"]
[Site "2+3.10.Zwettl,30.10-1.11.Wien,27+28.11.Wien,29+30.
[Date "2010.10.30"]
[Round "3"]
[Board "1"]
[White "Weber, Gerold"]
[Black "Zilka, Stepan"]
[Result "1/2-1/2"]
[WhiteElo "2399"]
[BlackElo "2479"]
[PlyCount "74"]
[EventDate "2010.10.02"]
[EventType "team"]
[EventRounds "11"]
[EventCountry "AUT"]
[WhiteTeam "SV Tschaturanga Neubau"]
[BlackTeam "Blackburne Nickelsdorf"]

1.d4 Nf6 2.Nf3 e6 3.c4 d5 4.cxd5 exd5 5.g3 Be7 6.Bg2 O-O 7.O-O c6 8.Nc3 Nbd7
9.Ne1 Re8 10.Nd3 Bf8 11.f3 c5 12.e3 b6 13.a4 Ba6 14.Rf2 g6 15.Nf4 cxd4 16.exd4
Bg7 17.g4 h6 18.Nfe2 Nf8 19.Bf4 g5 20.Bg3 Ng6 21.Nb5 Bxb5 22.axb5 Qd7 23.Qb3 Nh7
24.Rd1 Nhf8 25.Bf1 Ne6 26.h3 Ngf4 27.Bxf4 Nxf4 28.Ng3 Re6 29.Nf5 Qe8 30.Qb4 Bf8
31.Qd2 Rc8 32.h4 f6 33.Rh2 Rc7 34.hxg5 fxg5 35.Kh1 Kf7 36.Kg1 Kg8 37.Kh1 Kf7 1/2-1/2

[Event "2. Bundesliga Ost 2010/2011"]
[Site "2+3.10.Zwettl,30.10-1.11.Wien,27+28.11.Wien,29+30.
[Date "2010.10.30"]
[Round "3"]
[Board "2"]
[White "Pinter, Erik"]
[Black "Kreindl, Helmut"]
[Result "0-1"]
[WhiteElo "2379"]
[BlackElo "2179"]
[PlyCount "106"]
[EventDate "2010.10.02"]
[EventType "team"]
[EventRounds "11"]
[EventCountry "AUT"]
[WhiteTeam "Blackburne Nickelsdorf"]
[BlackTeam "SV Tschaturanga Neubau"]

1.e4 d5 2.exd5 Qxd5 3.Nf3 Bg4 4.Be2 Nc6 5.d4 O-O-O 6.Be3 e5 7.c4 Qa5+ 8.Bd2 Bb4
9.d5 Bxf3 10.Bxf3 Nd4 11.Nc3 Qa6 12.Be2 Nf6 13.a3 Bxc3 14.Bxc3 Nxe2 15.Qxe2 Rhe8
16.O-O-O Kb8 17.Rhe1 Nd7 18.Qg4 g6 19.Qh4 f6 20.Bb4 h5 21.Re3 g5 22.Qe4 Qb6
23.Rf3 a5 24.Be1 Nc5 25.Qg6 e4 26.Re3 Rg8 27.Qf5 Nd3+ 28.Rdxd3 exd3 29.Qxd3 Rge8
30.Bc3 Rxe3 31.fxe3 f5 32.Bd4 Qa6 33.a4 b6 34.Kd2 Qc8 35.Kc3 Qd7 36.b3 Re8
37.Bf6 Re4 38.h3 g4 39.h4 Qd6 40.Bg5 Qa3 41.Qf1 b5 42.axb5 Qb4+ 43.Kb2 a4 44.Qd3
axb3 45.Qxb3 Rxc4 46.Qxb4 Rxb4+ 47.Kc3 Re4 48.Bf4 Kb7 49.g3 Kb6 50.Kd3 Ra4
51.Kc3 Kxb5 52.d6 cxd6 53.Bxd6 Kc6 0-1

[Event "2. Bundesliga Ost 2010/2011"]
[Site "2+3.10.Zwettl,30.10-1.11.Wien,27+28.11.Wien,29+30.
[Date "2010.10.30"]
[Round "3"]
[Board "3"]
[White "Kleiser, Gregor"]
[Black "Vlcek, Stanislav"]
[Result "0-1"]
[WhiteElo "2258"]
[BlackElo "2257"]
[PlyCount "64"]
[EventDate "2010.10.02"]
[EventType "team"]
[EventRounds "11"]
[EventCountry "AUT"]
[WhiteTeam "SV Tschaturanga Neubau"]
[BlackTeam "Blackburne Nickelsdorf"]

1.e4 c5 2.Nf3 d6 3.d4 cxd4 4.Nxd4 Nf6 5.Nc3 a6 6.Be2 e6 7.O-O Be7 8.f4 O-O 9.Kh1
Qc7 10.Be3 b5 11.a3 Bb7 12.Bd3 Nbd7 13.Qe1 Rac8 14.Qg3 Nc5 15.e5 dxe5 16.fxe5
Nfe4 17.Nxe4 Nxe4 18.Qh3 Qxe5 19.Rae1 f5 20.Nf3 Qc7 21.Bd4 Bf6 22.c3 Rce8
23.Bxe4 Bxe4 24.Bxf6 Rxf6 25.Qh5 Rd8 26.Rf2 Rh6 27.Qg5 Rd3 28.Rd2 Rg6 29.Qxg6
hxg6 30.Rxd3 Bxd3 31.Rxe6 Qf4 32.h4 Be4 0-1

[Event "2. Bundesliga Ost 2010/2011"]
[Site "2+3.10.Zwettl,30.10-1.11.Wien,27+28.11.Wien,29+30.
[Date "2010.10.30"]
[Round "3"]
[Board "4"]
[White "Bachofner, Andreas"]
[Black "Ponjican, Erich"]
[Result "1/2-1/2"]
[WhiteElo "2243"]
[BlackElo "2206"]
[PlyCount "74"]
[EventDate "2010.10.02"]
[EventType "team"]
[EventRounds "11"]
[EventCountry "AUT"]
[WhiteTeam "Blackburne Nickelsdorf"]
[BlackTeam "SV Tschaturanga Neubau"]

1.Nf3 d5 2.b3 c5 3.e3 Nc6 4.Bb2 Bg4 5.Be2 e6 6.d3 Nf6 7.Nbd2 Bd6 8.h3 Bh5 9.O-O
O-O 10.Re1 Bg6 11.Nh4 Be5 12.Nxg6 hxg6 13.Bxe5 Nxe5 14.f4 Nc6 15.Nf3 Qc7 16.Qd2
Rfe8 17.Qc3 b6 18.Rad1 Rac8 19.Bf1 d4 20.exd4 cxd4 21.Nxd4 Nxd4 22.Qxd4 Qxc2
23.Qa4 Re7 24.Be2 Nd5 25.Rc1 Qxc1 26.Rxc1 Rxc1+ 27.Kh2 Nf6 28.Bf3 Rcc7 29.Bc6
Nd7 30.d4 Nb8 31.d5 exd5 32.Bxd5 Nd7 33.b4 Nf6 34.Bc6 Re2 35.b5 Rce7 36.Qd4 Kh7
37.a4 Nh5 1/2-1/2

[Event "2. Bundesliga Ost 2010/2011"]
[Site "2+3.10.Zwettl,30.10-1.11.Wien,27+28.11.Wien,29+30.
[Date "2010.10.30"]
[Round "3"]
[Board "5"]
[White "Schwaninger, Wolfgang"]
[Black "Koffler, Daniel"]
[Result "0-1"]
[WhiteElo "2146"]
[BlackElo "2199"]
[PlyCount "58"]
[EventDate "2010.10.02"]
[EventType "team"]
[EventRounds "11"]
[EventCountry "AUT"]
[WhiteTeam "SV Tschaturanga Neubau"]
[BlackTeam "Blackburne Nickelsdorf"]

1.c4 e5 2.Nc3 Bb4 3.Nf3 Bxc3 4.dxc3 d6 5.e4 h6 6.h3 Nf6 7.Qc2 Nbd7 8.Be3 b6
9.Be2 O-O 10.O-O-O Bb7 11.Nd2 Nc5 12.f3 Nh5 13.Nf1 a5 14.g3 Qe8 15.Bf2 f5
16.exf5 e4 17.Bxc5 exf3 18.Bd3 bxc5 19.Qf2 Qa4 20.a3 Rae8 21.Rh2 Nf6 22.Nd2 Qc6
23.Rf1 Nd7 24.Kb1 Rf7 25.g4 Rfe7 26.Qxf3 Qxf3 27.Nxf3 Re3 28.f6 gxf6 29.Bg6 Rxf3
0-1

[Event "2. Bundesliga Ost 2010/2011"]
[Site "2+3.10.Zwettl,30.10-1.11.Wien,27+28.11.Wien,29+30.
[Date "2010.10.30"]
[Round "3"]
[Board "6"]
[White "Bachofner, Christian"]
[Black "Petschar, Hans"]
[Result "1-0"]
[WhiteElo "2076"]
[BlackElo "2088"]
[PlyCount "119"]
[EventDate "2010.10.02"]
[EventType "team"]
[EventRounds "11"]
[EventCountry "AUT"]
[WhiteTeam "Blackburne Nickelsdorf"]
[BlackTeam "SV Tschaturanga Neubau"]

1.e4 e6 2.d4 d5 3.Nc3 Bb4 4.e5 Ne7 5.a3 Bxc3+ 6.bxc3 c5 7.a4 Qa5 8.Bd2 Nbc6
9.Nf3 Bd7 10.Bd3 O-O-O 11.O-O c4 12.Be2 f5 13.Qc1 h6 14.Qa3 Rde8 15.Rfb1 Nd8
16.Bc1 Bc6 17.Rb4 g5 18.Nd2 f4 19.Rab1 Nf5 20.Qb2 Rh7 21.Bf3 Nh4 22.Bh5 Rg8
23.Be2 g4 24.g3 fxg3 25.hxg3 Nf5 26.Nf1 h5 27.Ne3 Nxe3 28.Bxe3 Qc7 29.Bf1 h4
30.Bf4 Rgh8 31.Bg2 Qf7 32.a5 a6 33.Rb6 hxg3 34.Bxg3 Rh5 35.Qc1 Qh7 36.Kf1 Rf8
37.Ke2 Rhf5 38.Qe3 Rf3 39.Bxf3 Qxc2+ 40.Kf1 gxf3 41.R6b2 Qh7 42.Ke1 Rf5 43.Kd2
Nf7 44.Bf4 Qh4 45.Bg3 Qg4 46.Rh1 Qg7 47.Rbb1 Ng5 48.Rh4 Ne4+ 49.Rxe4 dxe4 50.Rh1
Bd5 51.Bh4 Rh5 52.Bf6 Qh7 53.Rg1 Rh1 54.Rxh1 Qxh1 55.Qg5 Qh7 56.Bd8 Kd7 57.Bb6
Kc6 58.Qd8 e3+ 59.Kc1 Qd7 60.Qf8 1-0

[Event "2. Bundesliga Ost 2010/2011"]
[Site "2+3.10.Zwettl,30.10-1.11.Wien,27+28.11.Wien,29+30.
[Date "2010.10.30"]
[Round "3"]
[Board "1"]
[White "Mihok, Oliver"]
[Black "Papp, Gabor"]
[Result "1/2-1/2"]
[WhiteElo "2463"]
[BlackElo "2526"]
[PlyCount "79"]
[EventDate "2010.10.02"]
[EventType "team"]
[EventRounds "11"]
[EventCountry "AUT"]
[WhiteTeam "Husek Wien"]
[BlackTeam "ASVOE SK Mattersburg"]

1.e4 e5 2.Nf3 Nc6 3.Bb5 a6 4.Ba4 Nf6 5.O-O b5 6.Bb3 Bb7 7.d3 Bc5 8.c3 d6 9.a4
O-O 10.Na3 h6 11.Bd2 b4 12.Nc4 a5 13.Be3 Bxe3 14.Nxe3 Ne7 15.Re1 c5 16.Bc4 Rb8
17.cxb4 axb4 18.Nh4 d5 19.exd5 Nexd5 20.Nf3 Nf4 21.Nxe5 Qd4 22.Nf5 Qxb2 23.Rb1
Qa3 24.Bb3 Rbd8 25.Nc4 Rxd3 26.Nxa3 Rxd1 27.Bxd1 Nd3 28.Re7 Bc8 29.Nd6 bxa3
30.Ra1 Nd5 31.Ra7 Be6 32.Rxa3 N5b4 33.Re7 Nb2 34.Be2 Nc2 35.Rc3 Nd4 36.Bb5 Nxa4
37.Ra3 Nxb5 38.Nxb5 Rb8 39.Rxa4 Rxb5 40.f4 1/2-1/2

[Event "2. Bundesliga Ost 2010/2011"]
[Site "2+3.10.Zwettl,30.10-1.11.Wien,27+28.11.Wien,29+30.
[Date "2010.10.30"]
[Round "3"]
[Board "2"]
[White "Fodor, Tamas"]
[Black "Binder, Michael"]
[Result "1-0"]
[WhiteElo "2451"]
[BlackElo "2294"]
[PlyCount "65"]
[EventDate "2010.10.02"]
[EventType "team"]
[EventRounds "11"]
[EventCountry "AUT"]
[WhiteTeam "ASVOE SK Mattersburg"]
[BlackTeam "Husek Wien"]

1.Nf3 Nf6 2.c4 e6 3.g3 d5 4.Bg2 dxc4 5.Qa4+ Nbd7 6.Qxc4 a6 7.a4 c5 8.a5 Be7
9.O-O O-O 10.d3 Nd5 11.Nbd2 b5 12.axb6 N7xb6 13.Qb3 a5 14.Ne5 a4 15.Qd1 Bf6
16.Nec4 Rb8 17.Ne4 Nxc4 18.dxc4 Nb6 19.Qc2 Ba6 20.Rd1 Qe7 21.Bf4 e5 22.Be3 Bb7
23.Nxf6+ gxf6 24.Bxb7 Rxb7 25.Qe4 Kh8 26.Bxc5 Qxc5 27.Qxb7 Nxc4 28.Rxa4 Nb6
29.Raa1 Qb5 30.Qe4 Nc4 31.b4 Qxb4 32.Rac1 Rc8 33.Qg4 1-0

[Event "2. Bundesliga Ost 2010/2011"]
[Site "2+3.10.Zwettl,30.10-1.11.Wien,27+28.11.Wien,29+30.
[Date "2010.10.30"]
[Round "3"]
[Board "3"]
[White "Maros, Milan"]
[Black "Petran, Peter"]
[Result "1-0"]
[WhiteElo "2329"]
[BlackElo "2325"]
[PlyCount "107"]
[EventDate "2010.10.02"]
[EventType "team"]
[EventRounds "11"]
[EventCountry "AUT"]
[WhiteTeam "Husek Wien"]
[BlackTeam "ASVOE SK Mattersburg"]

1.e4 g6 2.d4 Bg7 3.Nc3 d6 4.Be3 a6 5.Qd2 b5 6.O-O-O Nd7 7.h4 h5 8.Nh3 Nb6 9.Ng5
b4 10.Nd5 Nxd5 11.exd5 Rb8 12.f3 Nf6 13.Bc4 Bb7 14.Qxb4 Bxd5 15.Qa4+ Kf8 16.Qxa6
Ra8 17.Qb5 c6 18.Qb3 Rb8 19.Qd3 Qb6 20.Bb3 Bxb3 21.Qxb3 Nd5 22.Qxb6 Rxb6 23.Rhe1
Bf6 24.g3 Ra6 25.a3 Ra4 26.c3 e6 27.Kc2 Kg7 28.Ne4 Be7 29.Bg5 f6 30.Bc1 Kf7
31.b3 Ra7 32.a4 Rb8 33.Ba3 Rd7 34.c4 Nc7 35.Nc3 d5 36.Bxe7 Rxe7 37.cxd5 exd5
38.Rxe7+ Kxe7 39.Ne2 g5 40.Rh1 Rh8 41.Kc3 Kd6 42.Nc1 Ne6 43.b4 f5 44.Nd3 g4
45.Rf1 Rg8 46.f4 Ra8 47.Nc5 Nxc5 48.dxc5+ Kd7 49.Ra1 Re8 50.b5 Re4 51.b6 Rc4+
52.Kd3 Rxc5 53.a5 Rb5 54.a6 1-0

[Event "2. Bundesliga Ost 2010/2011"]
[Site "2+3.10.Zwettl,30.10-1.11.Wien,27+28.11.Wien,29+30.
[Date "2010.10.30"]
[Round "3"]
[Board "4"]
[White "Brod, Manfred"]
[Black "Kalisky, Vladimir"]
[Result "1-0"]
[WhiteElo "2183"]
[BlackElo "2273"]
[PlyCount "41"]
[EventDate "2010.10.02"]
[EventType "team"]
[EventRounds "11"]
[EventCountry "AUT"]
[WhiteTeam "ASVOE SK Mattersburg"]
[BlackTeam "Husek Wien"]

1.e4 c5 2.Nf3 Nc6 3.d4 cxd4 4.Nxd4 Nf6 5.Nc3 g6 6.Nxc6 bxc6 7.e5 Nh5 8.Bc4 Qa5
9.Qe2 Bg7 10.f4 d5 11.Bd3 d4 12.Qe4 dxc3 13.Qxc6+ Kd8 14.b4 Qxb4 15.Qxa8 Nxf4
16.Ba6 Kc7 17.Qxa7+ Kc6 18.Bxf4 Qxf4 19.Bb5+ Kxb5 20.Rb1+ Kc6 21.Rb6+ 1-0

[Event "2. Bundesliga Ost 2010/2011"]
[Site "2+3.10.Zwettl,30.10-1.11.Wien,27+28.11.Wien,29+30.
[Date "2010.10.30"]
[Round "3"]
[Board "5"]
[White "Reinwald, Patrick"]
[Black "Riedner, Martin"]
[Result "0-1"]
[WhiteElo "2093"]
[BlackElo "2146"]
[PlyCount "40"]
[EventDate "2010.10.02"]
[EventType "team"]
[EventRounds "11"]
[EventCountry "AUT"]
[WhiteTeam "Husek Wien"]
[BlackTeam "ASVOE SK Mattersburg"]

1.d4 f5 2.Nf3 Nf6 3.g3 d6 4.Bg2 c6 5.c4 g6 6.Nc3 Bg7 7.O-O O-O 8.b3 Na6 9.Bb2
Ne4 10.Rc1 Bd7 11.Ne1 Ng5 12.Nf3 Nxf3+ 13.Bxf3 f4 14.Qd2 Bh3 15.Rfd1 Qd7 16.d5
c5 17.Ne4 Bxb2 18.Qxb2 Rf5 19.gxf4 Rxf4 20.Ng5 Rg4+ 0-1

[Event "2. Bundesliga Ost 2010/2011"]
[Site "2+3.10.Zwettl,30.10-1.11.Wien,27+28.11.Wien,29+30.
[Date "2010.10.30"]
[Round "3"]
[Board "6"]
[White "Salamon, Werner"]
[Black "Zojer, Stefan"]
[Result "1/2-1/2"]
[WhiteElo "2152"]
[BlackElo "2043"]
[PlyCount "80"]
[EventDate "2010.10.02"]
[EventType "team"]
[EventRounds "11"]
[EventCountry "AUT"]
[WhiteTeam "ASVOE SK Mattersburg"]
[BlackTeam "Husek Wien"]

1.e4 c5 2.Nf3 d6 3.Nc3 Nf6 4.d4 cxd4 5.Nxd4 a6 6.Be2 e5 7.Nb3 Be7 8.O-O O-O
9.Be3 Be6 10.a4 Nc6 11.Qd2 Rc8 12.a5 Bxb3 13.Bb6 Qd7 14.cxb3 Bd8 15.Bxd8 Qxd8
16.Rfd1 Nd4 17.Bc4 Rc5 18.Ne2 Nxe4 19.Qe3 Nxe2+ 20.Qxe2 Nf6 21.b4 Rc7 22.b3 Qe7
23.Rd2 d5 24.Bxd5 Qxb4 25.Bc4 Rd7 26.Rxd7 Nxd7 27.Rd1 Qe7 28.Qf3 Nf6 29.g3 e4
30.Qf4 Rd8 31.Rxd8+ Qxd8 32.Kg2 h6 33.Qe5 Qd7 34.Qb8+ Kh7 35.Qf8 Qg4 36.Qxf7
Qf3+ 37.Kg1 Qd1+ 38.Kg2 Qf3+ 39.Kg1 Qd1+ 40.Kg2 Qd2 1/2-1/2